| 000 | 01221cam a22003617a 4500 | ||
|---|---|---|---|
| 003 | CHAP | ||
| 005 | 20220329140840.0 | ||
| 008 | 971013s1982 r 00010 d | ||
| 010 | _a58596 | ||
| 011 | _a59568 | ||
| 020 | _a9500042304 | ||
| 035 | _a63727 | ||
| 040 | _cCHAP | ||
| 082 |
_a636.2 _bS8Y |
||
| 100 | 0 | 0 |
_aSwan, Henry. _9110849 |
| 245 | 0 |
_aPrincipios para la producción ganadera _c/por Henry Swan y W.H. Broster |
|
| 260 |
_aBuenos Aires : _bHemisferio Sur, _c1982. |
||
| 300 | _a429 p. | ||
| 500 | _aTrad. de : Principles of cattle production, 1976 | ||
| 590 |
_aBATCH-UPD _b10 _c20130110 _lUCH01 _h0334 |
||
| 590 |
_aBATCH-UPD _b10 _c20130110 _lUCH01 _h2209 |
||
| 590 |
_aBATCH-UPD _b10 _c20130410 _lUCH01 _h0007 |
||
| 590 |
_aBATCH-UPD _b10 _c20130914 _lUCH01 _h0751 |
||
| 590 |
_aCONVERSION _b10 _c20130109 _lUCH01 _h1331 |
||
| 650 | 1 | 4 |
_aGanado de carne _xProducción. _945104 |
| 650 | 1 | 4 |
_aGanado lechero _xProducción. _945288 |
| 700 | 0 |
_aBroster, W. H. _915590 |
|
| 901 | _aBK | ||
| 905 | _aAlejandra Carrasco M. | ||
| 942 | _cLIBRO | ||
| 949 |
_a636.2 S8Y _bBC _cLIBRO _d33724000642518 _eLIBRO _gI.132408 _h68612 _i63727 _si |
||
| 949 |
_a636.2 S8Y _bBC _cLIBRO _d33724000889267 _eLIBRO _fc.2 _h103536 _i63727 _sb |
||
| 999 |
_c58596 _d58596 |
||